Exposiciones científicas y académicas de quémica (Record no. 25210)

MARC details
000 -LEADER
campo de control de longitud fija 00387nam a2200121Ia 4500
005 - FECHA Y HORA DE LA ÚLTIMA TRANSACCIÓN
campo de control 20251222152019.0
008 - DATOS DE LONGITUD FIJA--INFORMACIÓN GENERAL
campo de control de longitud fija 251222s9999||||xx |||||||||||||| ||spa||
082 ## - NÚMERO DE LA CLASIFICACIÓN DECIMAL DEWEY
Número de clasificación 540.72/E18
100 ## - ENTRADA PRINCIPAL--NOMBRE DE PERSONA
Nombre de persona Echevarría Meléndez, Félix
245 #0 - MENCIÓN DEL TÍTULO
Título Exposiciones científicas y académicas de quémica
264 ## - PRODUCCIÓN, PUBLICACIÓN, DISTRIBUCIÓN, FABRICACIÓN Y COPYRIGHT
Nombre del de productor, editor, distribuidor, fabricante Sociedad Química del Perú Facultad de Química e Ingeniería Química
942 ## - ELEMENTOS DE ENTRADA SECUNDARIOS (KOHA)
Tipo de ítem Koha Libros
Holdings
Estatus retirado Estado de pérdida Estado de daño No para préstamo Biblioteca de origen Biblioteca actual Ubicación en estantería Fecha de adquisición Total de préstamos Signatura topográfica completa Código de barras Visto por última vez Precio de reemplazo Tipo de ítem Koha
        Biblioteca Huaura Biblioteca Huaura Programa 22/12/2025   540.72/E18 0015641 22/12/2025 22/12/2025 Libros